000 01012nam a2200277 a 4500
001 000029139
003 DO-SdBNP
005 20250307122326.0
008 110404s1980 dr 000 0 spa d
040 _aDO-SdBNP
_bspa
_cBNPHU
082 _a343.729307
_bR426L, 1979
110 1 _aREPÚBLICA DOMINICANA
_9447
240 1 0 _a[Leyes, etc.]
245 1 0 _aLegislación económica 1979 /
_cRamón A. Piantini.
260 _aSanto Domingo :
_bCEMYB,
_c1980.
300 _a40 p. ;
_c21 cm.
490 1 _aLegal
590 _aInventariado, 2019/MFF
650 4 _aLeyes
_zRepública Dominicana
_93033
651 4 _aRepública Dominicana
_xPolítica Económica
_xLegislación
_919022
651 4 _aRepública Dominicana
_xCondiciones Económicas
_xLegislación
_922897
710 _aCentro de Estudios Monetarios y Bancarios (República Dominicana)
_96296
_bCentro de Estudios Monetarios y Bancarios
830 0 _aLegal (República Dominicana)
_956044
910 _aValidado. Control de calidad EMS
942 _2ddc
_cLF2
999 _c28631
_d28631